00805 2200265 4500001002100000005001700021008004100038035002400079082001000103090001700113100002400130245013000154250001000284260005900294300003100353500002900384650002200413700002700435850001500462980001300477985000600490986001300496999001500509999001500524YOGYA-0209000001603120090227022607.0 ind  0010-020900000016031 a387.1 a387.1bRah K aRAHARJO, Supratikno aKota Demak sebagai bandar dagang di jalur sutracSupratikno Rahardjo, Wiwin Djuwita Ramelan ; penyunting, Supratikno Rahardjo aEd. 2 aJakartabDepartemen Pendidikan dan kebudayaan RIc1997 axxiv, 132 hlmbilusc21 cm aBibliografi : hlm. 91-94 aDemak - Pelabuhan aRAMELAN, Wiwin Djuwita aYOPDYOG(B) a01-10-05 a2 aPKLrtrev a98A0030141 a98A0030143